• 首页
  • 本馆介绍
  • 公告通知
  • 最新文献
  • 馆藏检索
  • 电子资源
  • 读者导购
  • 参考咨询
  • 我的图书馆
  • 登录
  • 详细信息显示
  • 放入我的书架
  • 预约/预借图书
  • 作者相关作品
  • 分类相关作品
  • 丛书相关作品
  • 出版社相关作品

书目信息

  • 表格格式
  • 工作单格式
  • 卡片格式
题名:
货币史话
    
 
作者: 俞沛铭 编著
分册:  
出版信息: 北京   中华书局  1981.1
页数: 45页
开本: 19cm
丛书名: 中国历史小丛书
单 册:
中图分类: K875.64
科图分类:
主题词: 文物--考古--中国
电子资源:
ISBN:
000 00607nam0 2200229 45
001 0306121438
005 20040510102438.3
010    @dCNY0.13
091    @a11018.908
100    @a20030612d1981 km y0chiy0120 ea
101 0  @achi
105    @a z 000yy
200 1  @a货币史话@AHuo Bi Shi Hua@f俞沛铭编著@FYu Pei Ming Bian Zhu
210    @a北京@c中华书局@d1981.1
215    @a45页@d19cm
225    @a中国历史小丛书
410    @12001 @a中国历史小丛书
606 0  @a文物@x考古@x中国
690    @aK875.64@v3
701  0 @a俞沛铭@4编著
801    @aCN@bTSTC@c20030612
905    @dK875.64@e17@f3@b67211-213
    
    货币史话/俞沛铭编著.-北京:中华书局,1981.1
    45页;19cm.-(中国历史小丛书)
    
    
    ISBN :CNY0.13
    
●
相关链接 在E读中查询图书 在五车中查询图书 在当当中查询图书 在豆瓣中查询图书


正题名:货币史话     索取号:K875.64/17         预约/预借

序号 登录号 条形码 馆藏地/架位号 状态 备注
1 0067211   001396787   密集书库/ [索取号:K875.64/17] 在馆    
2 0067212   001548267   密集书库/ [索取号:K875.64/17] 在馆    
3 0067213   001396741   密集书库/ [索取号:K875.64/17] 在馆    
4 0067215   001548276   第二样本阅览室/ [索取号:K875.64/17] 在馆    
唐山师范学院图书馆 欢迎您!
大连网信软件有限公司© 版权所有